code génétique - Statistiques

Statistiques générales
  • Ce quiz a été pris 12 fois
  • Le résultat moyen est 46 sur 64
Statistiques - réponses
Hint Réponse % Correct
UAG STOP
100%
UAA STOP
100%
UGA STOP
100%
GCG ALA
75%
GCC ALA
75%
GCA ALA
75%
GCU ALA
75%
CGU ARG
75%
CGA ARG
75%
UGU CYS
75%
UGC CYS
75%
GAA GLU
75%
GAG GLU
75%
GGU GLY
75%
GGG GLY
75%
GGC GLY
75%
GGA GLY
75%
CAC HIS
75%
CAU HIS
75%
AUU ILE
75%
AUC ILE
75%
AUA ILE
75%
UUG LEU
75%
UUA LEU
75%
CUG LEU
75%
CUA LEU
75%
CUU LEU
75%
CUC LEU
75%
AUG MET
75%
UUC PHE
75%
UUU PHE
75%
CCC PRO
75%
CCG PRO
75%
CCA PRO
75%
CCU PRO
75%
UCU SER
75%
UCC SER
75%
UCA SER
75%
UCG SER
75%
AGC SER
75%
AGU SER
75%
ACG THR
75%
ACC THR
75%
ACA THR
75%
ACU THR
75%
UAU TYR
75%
UAC TYR
75%
GUU VAL
75%
GUG VAL
75%
GUA VAL
75%
GUC VAL
75%
AGG ARG
50%
AGA ARG
50%
CGG ARG
50%
CGC ARG
50%
AAU ASN
50%
AAC ASN
50%
GAU ASP
50%
GAC ASP
50%
CAG GLN
50%
CAA GLN
50%
AAA LYS
50%
AAG LYS
50%
UGG TRP
50%
Aucun quiz correspondant
Distribution des résultats
% des personnes avec chaque résultat
Percentile par nombre de réponses
Votre historique - résultats
Vous n’avez pas pris ce quiz